00948 a2200181 4500003000500000005001700005040000900022082001200031100002700043245004700070260003100117300001000148505043500158650001200593942002100605999001900626952012100645NUST20230126190250.0 cNust a900,YOU aYoung , Ernest9107831 aSIAM:bpeeps at Many Lands /cErnest Young aLondonbAdam Charles Black a82;p. aA Peep into Siamese History (Page-1), In Eastern Venice (Page-5), Down the River (Page-10), The Children (Page-15), Schools (Page-18), Amusements (Page-22), The Story of Buddha (Page-27), The Monks (Page-34), The Temples (Page-39),The Shaving of the Top-Knot (Page-44), Houses (Page-48), Food and Dress (Page-55), Fishing (Page-56), Rice (Page-60), A Ploughing Ceremony (Page-65), Elephants (Page-75), Trail by Ordeal (Page-79).  aHistory 2ddccBKk900,YOU c186175d186175 00102ddc4070aMCSbMCScGENd2016-12-12o900,YOUpMCS30100r2016-12-08w2016-12-12yBKzAlmirah No.58, Shelf No.3